El pianista Francisco Listz y la Princesa de Sayn-Vittgenstein / (Record no. 164970)
[ view plain ]
| 000 -LEADER | |
|---|---|
| campo de control de longitud fija | 00943nam a2200229 i 4500 |
| 001 - NÚMERO DE CONTROL | |
| campo de control | 164970 |
| 003 - IDENTIFICADOR DE NÚMERO DE CONTROL | |
| campo de control | ES-MaACL |
| 005 - FECHA Y HORA DE LA ÚLTIMA TRANSACCIÓN | |
| campo de control | 20250815062648.0 |
| 008 - DATOS DE LONGITUD FIJA--INFORMACIÓN GENERAL | |
| campo de control de longitud fija | 931025s1914 sp |||| | spa d |
| 040 ## - FUENTE DE CATALOGACIÓN | |
| Lengua de catalogación | spa |
| Centro/agencia transcriptor | PAB |
| 100 1# - ENTRADA PRINCIPAL--NOMBRE DE PERSONA | |
| Nombre de persona | Schorn, Adelheid von. |
| 9 (RLIN) | 132569 |
| 245 13 - MENCIÓN DEL TÍTULO | |
| Título | El pianista Francisco Listz y la Princesa de Sayn-Vittgenstein / |
| Mención de responsabilidad, etc. | recuerdos íntimos y correspondencia por A. von Schorn ; traducción por J. Moreno Barutell. |
| 260 ## - PUBLICACIÓN, DISTRIBUCIÓN, ETC. | |
| Lugar de publicación, distribución, etc. | Madrid : |
| Nombre del editor, distribuidor, etc. | La España Moderna, |
| Fecha de publicación, distribución, etc. | [1914] ( |
| Fabricante | Imp. de Gabriel López del Horno) |
| 300 ## - DESCRIPCIÓN FÍSICA | |
| Extensión | 409 p. ; |
| Dimensiones | 23 cm. |
| 490 1# - MENCIÓN DE SERIE | |
| Mención de serie | Biblioteca de Jurisprudencia, Filosofía e Historia |
| 600 14 - PUNTO DE ACCESO ADICIONAL DE MATERIA--NOMBRE DE PERSONA | |
| Nombre de persona | Listz, Franz- |
| Subdivisión de forma | Correspondencia. |
| 9 (RLIN) | 128978 |
| 600 17 - PUNTO DE ACCESO ADICIONAL DE MATERIA--NOMBRE DE PERSONA | |
| Nombre de persona | Sayn-Wittgenstein, Carolyne de, |
| Fechas asociadas al nombre | 1819-1887 |
| Fuente del encabezamiento o término | |
| 9 (RLIN) | 158373 |
| 700 0# - ENTRADA AGREGADA--NOMBRE PERSONAL | |
| Nombre de persona | Moreno Barutell, J. |
| 9 (RLIN) | 83330 |
| 830 00 - PUNTO DE ACCESO ADICIONAL DE SERIE-TÍTULO UNIFORME | |
| Título uniforme | Biblioteca de jurisprudencia, filosofía e historia |
| 9 (RLIN) | 180691 |
| 852 ## - LOCALIZACIÓN | |
| Ubicación | ES-MaACL |
| Número de control de estantería | F-14954 |
| Nota libre | -- Enc. hol. |
| Estatus retirado | Estado de pérdida | Estado de daño | No para préstamo | Biblioteca de origen | Biblioteca actual | Ubicación en estantería | Fecha de adquisición | Fuente de adquisición | Total de préstamos | Signatura topográfica completa | Código de barras | Visto por última vez | Precio de reemplazo | Tipo de ítem Koha |
|---|---|---|---|---|---|---|---|---|---|---|---|---|---|---|
| Biblioteca del Ateneo de Madrid | Biblioteca del Ateneo de Madrid | Sala Pecera Planta 2 | 17/01/2008 | F-14954 | 1172937 | 23/02/2023 | 23/02/2023 | Libro impreso |
